000 01139nam a22003257a 4500
003 CHAP
005 20220329143505.0
008 100201s1990 mx a r 00010 spa d
010 _a97448
011 _a98420
020 _a9683617328
035 _a109105
040 _cCHAP
090 _aFolleto 17487
100 1 _aHernández Zacarías, Carmen C.
_954757
245 1 4 _aLas colecciones del jardín botánico del Instituto de Biología, UNAM
_c/por Carmen C. Hernández Zacarías, Tania Terrazas Arana y Edelmira Linares Mazari
260 _aMéxico, D.F. :
_bUNAM, Instituto de Biología,
_c1990
300 _a32 p. :
_bilus
590 _aBATCH-UPD
_b10
_c20130110
_lUCH01
_h0919
590 _aBATCH-UPD
_b10
_c20130410
_lUCH01
_h0541
590 _aBATCH-UPD
_b10
_c20130914
_lUCH01
_h0738
590 _aCONVERSION
_b10
_c20130109
_lUCH01
_h1354
650 1 4 _aBotánica médica.
_914680
650 1 4 _aBotánica
_xRegiones áridas.
_914612
650 1 4 _aJardines botánicos.
_961162
700 1 _aTerrazas Arana, Tania
_9112393
901 _aBK
942 _cFOLL
949 _aFolleto 17487
_bBC
_cFOLL
_d33724002117743
_eTS1
_i109105
_sb
_tloc
999 _c97448
_d97448